Jane Eyre : With an introduction and notes
Bewaard in:
| Hoofdauteur: | |
|---|---|
| Formaat: | Boek |
| Taal: | Undetermined |
| Gepubliceerd in: |
London
Penguin Books
1996
|
| Onderwerpen: | |
| Tags: |
Voeg label toe
Geen labels, Wees de eerste die dit record labelt!
|
| Thư viện lưu trữ: | Trung tâm Học liệu Trường Đại học Cần Thơ |
|---|
| LEADER | 00620nam a2200217Ia 4500 | ||
|---|---|---|---|
| 001 | CTU_94895 | ||
| 008 | 210402s9999 xx 000 0 und d | ||
| 020 | |c 96000 | ||
| 082 | |a 823.8 | ||
| 082 | |b B869/2003 | ||
| 100 | |a Bronte, Charlotte | ||
| 245 | 0 | |a Jane Eyre : | |
| 245 | 0 | |b With an introduction and notes | |
| 245 | 0 | |c Charlotte Bronte ; Edited by Michael Mason | |
| 260 | |a London | ||
| 260 | |b Penguin Books | ||
| 260 | |c 1996 | ||
| 650 | |a Governesses in literature,English literature | ||
| 650 | |x History and criticism | ||
| 904 | |i Hiếu | ||
| 980 | |a Trung tâm Học liệu Trường Đại học Cần Thơ | ||